[Event "Groningen"]
[Site "?"]
[Date "1993.??.??"]
[Round "?"]
[White "Shirov, A."]
[Black "Gulko, B."]
[Result "1/2-1/2"]
[WhiteElo "2685"]
[BlackElo "2635"]
[PlyCount "81"]
[EventDate "1993.??.??"]
[Source "ChessBase"]
[SourceDate "1993.10.01"]

1. e4 e6 2. d4 d5 3. Nc3 Bb4 4. e5 c5 5. a3 Bxc3+ 6. bxc3 Ne7 7. Nf3 b6 8. Bb5+ Bd7 9. Bd3 c4 10. Bf1 Ba4 11. h4 h6 12. h5 Kd7 13. g3 Qg8 14. Bf4 Qh7 15. Rc1 Kc7 16. Bg2 Nd7 17. Nh2 a5 18. Nf1 Kb7 19. Ne3 Ka7 20. g4 f6 21. exf6 gxf6 22. O-O Rhg8 23. Qe2 Rae8 24. Nxc4 e5 25. Nb2 exf4 26. Nxa4 Nf5 27. Qf3 Nh4 28. Qxf4 Nxg2 29. Qc7+ Ka6 30. Rb1 Rb8 31. Rxb6+ Rxb6 32. Nc5+ Nxc5 33. Qxh7 Rxg4 34. f3 Rg5 35. dxc5 Nf4+ 36. Kh2 Rb7 37. Qh8 Rbg7 38. Qa8+ Kb5 39. c4+ Kxc4 40. Qa6+ Kxc5 41. Qxa5+ 1/2-1/2

[Event "Interzonal"]
[Site "Manila izt"]
[Date "1990.??.??"]
[Round "?"]
[White "Chandler, Murray G"]
[Black "Ivanchuk, Vassily"]
[Result "1-0"]
[WhiteElo "2585"]
[BlackElo "2665"]
[PlyCount "78"]
[EventDate "1990.??.??"]
[Source "www.chesslib.no"]
[SourceDate "2004.05.04"]

1. e4 e6 2. d4 d5 3. Nc3 Bb4 4. e5 c5 5. a3 Bxc3+ 6. bxc3 Ne7 7. Nf3 Bd7 8. a4 Qa5 9. Bd2 Nbc6 10. Bb5 O-O-O 11. O-O c4 12. Bc1 f6 13. Qe1 Rhe8 14. Ba3 Kb8 15. Bxc6 Nxc6 16. Qe3 Ka8 17. Rfb1 Bc8 18. Bd6 Rd7 19. Rb5 Qd8 20. a5 g5 21. Bc5 g4 22. Bb6 Rc7 23. Ne1 fxe5 24. dxe5 Bd7 25. Qc5 Re7 26. a6 bxa6 27. Rxa6 Be8 28. Bxc7 Rxc7 29. Qd6 Qxd6 30. exd6 Rb7 31. Rxb7 Kxb7 32. Ra1 Kc8 33. Rb1 a5 34. f3 h5 35. h3 gxf3 36. g4 Kd7 37. Nxf3 a4 38. Nd4 e5 39. Nxc6 Kxc6 1-0

[Event "Manila (izt)"]
[Site "?"]
[Date "1990.??.??"]
[Round "?"]
[White "Chandler, M."]
[Black "Ivanchuk, V."]
[Result "1-0"]
[WhiteElo "2560"]
[BlackElo "2680"]
[PlyCount "97"]
[EventDate "1990.??.??"]
[Source "ChessBase"]
[SourceDate "1990.01.01"]

1. e4 e6 2. d4 d5 3. Nc3 Bb4 4. e5 c5 5. a3 Bxc3+ 6. bxc3 Ne7 7. Nf3 Bd7 8. a4 Qa5 9. Bd2 Nbc6 10. Bb5 O-O-O 11. O-O c4 12. Bc1 f6 13. Qe1 Rhe8 14. Ba3 Kb8 15. Bxc6 Nxc6 16. Qe3 Ka8 17. Rfb1 Bc8 18. Bd6 Rd7 19. Rb5 Qd8 20. a5 g5 21. Bc5 g4 22. Bb6 Rc7 23. Ne1 fxe5 24. dxe5 Bd7 25. Qc5 Re7 26. a6 bxa6 27. Rxa6 Be8 28. Bxc7 Rxc7 29. Qd6 Qxd6 30. exd6 Rb7 31. Rxb7 Kxb7 32. Ra1 Kc8 33. Rb1 a5 34. f3 h5 35. Kf2 Kd7 36. fxg4 hxg4 37. h3 gxh3 38. gxh3 Kxd6 39. Nf3 a4 40. Nd4 e5 41. Nxc6 Kxc6 42. Ke3 Kc5 43. Kd2 Kd6 44. Rb6+ Kc5 45. Rf6 Kb5 46. Re6 Bd7 47. Rxe5 Bxh3 48. Rxd5+ Kb6 49. Kc1 1-0

[Event "Reykjavik"]
[Site "?"]
[Date "1991.??.??"]
[Round "?"]
[White "Chandler, M."]
[Black "Timman, J."]
[Result "1/2-1/2"]
[WhiteElo "2605"]
[BlackElo "2630"]
[PlyCount "60"]
[EventDate "1991.??.??"]
[Source "ChessBase"]
[SourceDate "1991.06.01"]

1. e4 e6 2. d4 d5 3. Nc3 Bb4 4. e5 c5 5. a3 Bxc3+ 6. bxc3 Ne7 7. Nf3 Bd7 8. a4 Qa5 9. Bd2 Nbc6 10. Bb5 O-O-O 11. O-O c4 12. Bc1 f6 13. Ba3 Rhe8 14. Re1 Nf5 15. Qd2 h5 16. h3 h4 17. Bc5 Qc7 18. Bxc6 Bxc6 19. a5 Kb8 20. Reb1 Rh8 21. Ra2 Rde8 22. Qf4 Ka8 23. Qh2 Qd7 24. Rab2 Rb8 25. Qf4 Qc7 26. Bb6 Qd7 27. Bc5 Qc7 28. Bb6 Qd7 29. Bc5 Qc7 30. Bb6 Qd7 1/2-1/2

[Event "Belfort"]
[Site "Belfort"]
[Date "1997.??.??"]
[Round "10"]
[White "Degraeve, Jean Marc"]
[Black "Rozentalis, Eduardas"]
[Result "0-1"]
[WhiteElo "2540"]
[BlackElo "2645"]
[PlyCount "60"]
[EventDate "1997.10.??"]
[Source "ChessBase"]
[SourceDate "1998.01.31"]

1. e4 e6 2. d4 d5 3. Nc3 Bb4 4. e5 c5 5. a3 Bxc3+ 6. bxc3 Ne7 7. Nf3 Bd7 8. h4 Nbc6 9. h5 h6 10. Rh4 Qa5 11. Bd2 O-O-O 12. Bd3 c4 13. Be2 f6 14. Rh3 Rdf8 15. Qc1 Rf7 16. Bf4 Rhf8 17. Qe3 fxe5 18. Bxe5 Nxe5 19. Nxe5 Rxf2 20. Qxf2 Rxf2 21. Kxf2 Nc6 22. Nxd7 Kxd7 23. Rg3 Kd6 24. Bg4 Nxd4 25. Re1 Nb5 26. Rxe6+ Kc5 27. Bf5 Nxc3 28. Rxg7 Ne4+ 29. Bxe4 Qd2+ 30. Kf1 Qd1+ 0-1

[Event "Moscow RUS"]
[Site "?"]
[Date "2003.02.13"]
[Round "3"]
[White "Galkin Alexander"]
[Black "Dolmatov Sergey"]
[Result "1/2-1/2"]
[WhiteElo "2568"]
[BlackElo "2591"]
[PlyCount "21"]
[EventDate "2003.??.??"]
[Source "www.chesslib.no"]
[SourceDate "2004.05.04"]

1. e4 e6 2. d4 d5 3. Nc3 Bb4 4. e5 c5 5. a3 Bxc3+ 6. bxc3 Ne7 7. Nf3 b6 8. a4 Qc7 9. Bb5+ Bd7 10. Bd3 Nbc6 11. Rf1 1/2-1/2

[Event "7th Amplico AIG Life"]
[Site "Warsaw POL"]
[Date "2007.12.16"]
[Round "10"]
[White "Bindrich, F."]
[Black "Socko, B."]
[Result "1-0"]
[WhiteElo "2512"]
[BlackElo "2646"]
[PlyCount "111"]
[EventDate "2007.12.15"]
[Source "www.chesslib.no"]
[SourceDate "2004.05.04"]

1. e4 e6 2. d4 d5 3. Nc3 Bb4 4. e5 c5 5. a3 Bxc3+ 6. bxc3 Ne7 7. Nf3 b6 8. Bb5+ Bd7 9. Bd3 Ba4 10. h4 Qc7 11. O-O h6 12. h5 Nbc6 13. Bf4 Na5 14. Ra2 O-O-O 15. Qd2 Kb7 16. Bg3 Rc8 17. dxc5 Qxc5 18. Qf4 Be8 19. Qg4 Bd7 20. Bh4 Rcg8 21. Qb4 Nec6 22. Qxc5 bxc5 23. Rb2+ Kc7 24. Rfb1 Rb8 25. g4 Rb6 26. Kg2 c4 27. Be2 Nb7 28. Rxb6 axb6 29. Nd4 Na7 30. Be7 Nc8 31. Bb4 Nc5 32. f4 f6 33. Kf3 Re8 34. Ke3 Ba4 35. Re1 Na7 36. Bd1 Nc6 37. Nxc6 Kxc6 38. Kd4 Ne4 39. Re2 Rd8 40. Rg2 Rd7 41. Bf3 Nc5 42. Re2 Rf7 43. f5 fxe5+ 44. Kxe5 Rf6 45. Kd4 Kb5 46. Bxc5 bxc5+ 47. Ke5 exf5 48. gxf5 d4 49. Be4 Rf8 50. cxd4 Re8+ 51. Kd6 Rd8+ 52. Kc7 Rxd4 53. Bc6+ Ka5 54. Re8 Bb5 55. Ra8+ Ba6 56. Bb7 1-0

[Event "Nice"]
[Site "?"]
[Date "1974.06.26"]
[Round "10"]
[White "Hartston William R"]
[Black "Portisch Lajos"]
[Result "1-0"]
[WhiteElo "2480"]
[BlackElo "2645"]
[PlyCount "57"]
[EventDate "1974.??.??"]
[Source "www.chesslib.no"]
[SourceDate "2004.05.04"]

1. e4 e6 2. d4 d5 3. Nc3 Bb4 4. e5 c5 5. a3 Bxc3+ 6. bxc3 Ne7 7. Nf3 Bd7 8. a4 Nbc6 9. Be2 Qc7 10. O-O b6 11. Bd3 h6 12. Ba3 Na5 13. Re1 O-O 14. dxc5 bxc5 15. Nd2 Ng6 16. Qh5 Be8 17. Qe2 Bxa4 18. Qg4 Bd7 19. Nf3 Nc4 20. Bc1 Bc8 21. Qh5 Rd8 22. Bxh6 gxh6 23. Qxh6 Nb2 24. Ng5 Nxd3 25. Nh7 f5 26. Nf6+ Kf7 27. Qh7+ Kf8 28. Qg8+ Ke7 29. Qg7# 1-0

[Event "North Sea Cup"]
[Site "Esbjerg"]
[Date "2000.07.15"]
[Round "9"]
[White "De Vreugt, Dennis"]
[Black "Hansen, Curt"]
[Result "1/2-1/2"]
[WhiteElo "2511"]
[BlackElo "2613"]
[PlyCount "75"]
[EventDate "2000.07.07"]
[Source "ChessBase"]
[SourceDate "2000.10.18"]

1. e4 e6 2. d4 d5 3. Nc3 Bb4 4. e5 c5 5. a3 Bxc3+ 6. bxc3 Ne7 7. Nf3 Qc7 8. Bd3 Bd7 9. a4 Nbc6 10. O-O c4 11. Be2 f6 12. Bf4 O-O 13. exf6 Qxf4 14. fxe7 Rf7 15. Qb1 Rxe7 16. Qc1 Qf6 17. Qa3 Be8 18. Ne5 Nxe5 19. dxe5 Qf8 20. Qc5 Bg6 21. Ra2 b6 22. Qe3 Rb8 23. Rb1 Qe8 24. Bf3 h6 25. g3 Rc7 26. Bg2 Rc5 27. g4 Ra5 28. f4 Qd7 29. Rf1 Rf8 30. Bh3 Be4 31. f5 Qe7 32. f6 gxf6 33. Qxh6 Qc5+ 34. Rf2 fxe5 35. Qg5+ Kh7 36. Qh5+ Kg8 37. Qg5+ Kh7 38. Qh5+ 1/2-1/2

[Event "2. World Cities Ch."]
[Site "?"]
[Date "1999.10.04"]
[Round "1"]
[White "Dolmatov Sergey V"]
[Black "Sharavdorj Dashzeveg"]
[Result "1-0"]
[WhiteElo "2600"]
[BlackElo "2505"]
[PlyCount "67"]
[EventDate "1999.??.??"]
[Source "www.chesslib.no"]
[SourceDate "2004.05.04"]

1. e4 e6 2. d4 d5 3. Nc3 Bb4 4. e5 c5 5. a3 Bxc3+ 6. bxc3 Ne7 7. Nf3 Qc7 8. h4 b6 9. Bb5+ Bd7 10. Bd3 Nbc6 11. O-O h6 12. Re1 O-O 13. Bf4 f5 14. dxc5 bxc5 15. h5 Qa5 16. c4 Be8 17. Nd2 Qa4 18. Be3 d4 19. Bf4 Rc8 20. Qf3 Nd8 21. Kh2 Kh7 22. Qh3 Kh8 23. Rg1 Rc7 24. Rab1 g5 25. hxg6 Nxg6 26. Bg5 Nxe5 27. Bxd8 Ng4+ 28. Qxg4 fxg4 29. Bxc7 Qd7 30. Bg3 Kg7 31. Rge1 Bg6 32. Ne4 Qe7 33. Be5+ Kg8 34. Kg1 1-0

[Event "ESP-chT1"]
[Site "Mondariz Balneario"]
[Date "2002.09.12"]
[Round "4.1"]
[White "Bologan, Viktor"]
[Black "Matamoros Franco, Carlos S"]
[Result "1/2-1/2"]
[WhiteElo "2631"]
[BlackElo "2473"]
[PlyCount "105"]
[EventDate "2002.09.04"]
[Source "ChessBase"]
[SourceDate "2002.11.06"]

1. e4 e6 2. d4 d5 3. Nc3 Bb4 4. e5 c5 5. a3 Bxc3+ 6. bxc3 Ne7 7. Nf3 Bd7 8. Rb1 Qc7 9. h4 Ba4 10. Bd3 Nd7 11. h5 h6 12. Bf4 a6 13. O-O Bb5 14. Bxb5 axb5 15. dxc5 Qxc5 16. Nd4 O-O 17. Nxb5 Ra4 18. Be3 Qc6 19. Re1 Re4 20. Bd4 Rxe1+ 21. Qxe1 Ra8 22. Qe2 Nf5 23. Rb4 b6 24. g4 Nxd4 25. cxd4 f6 26. Rb3 Ra4 27. Rc3 Rc4 28. Rxc4 dxc4 29. exf6 Nxf6 30. a4 Kh8 31. f3 Qa8 32. Nc7 Qxa4 33. Nxe6 Qa1+ 34. Kg2 Qc3 35. Kg3 b5 36. Qe5 Qxc2 37. Qb8+ Ng8 38. Qc7 Qh7 39. d5 Nf6 40. d6 Qg8 41. d7 Nxd7 42. Qxd7 c3 43. Nd4 b4 44. Qe7 b3 45. Nf5 b2 46. Qb7 Qf8 47. Kf2 Qf6 48. Kg3 Kh7 49. Qe4 Kg8 50. Kf4 Qb6 51. Qe8+ Kh7 52. Qe7 Qf6 53. Qe4 1/2-1/2

[Event "Voelklingen"]
[Site "Voelklingen"]
[Date "1989.??.??"]
[Round "?"]
[White "Hort, Vlastimil"]
[Black "Kindermann, Stefan E S"]
[Result "0-1"]
[WhiteElo "2580"]
[BlackElo "2515"]
[PlyCount "90"]
[EventDate "1989.??.??"]
[Source "www.chesslib.no"]
[SourceDate "2004.05.04"]

1. e4 e6 2. d4 d5 3. Nc3 Bb4 4. e5 c5 5. a3 Bxc3+ 6. bxc3 Ne7 7. Nf3 Bd7 8. a4 Qa5 9. Qd2 Nbc6 10. Bd3 f6 11. exf6 gxf6 12. dxc5 e5 13. c4 dxc4 14. Bxc4 Qxc5 15. Bb3 Na5 16. Ba3 Nxb3 17. cxb3 Qd5 18. O-O Bc6 19. Qb4 O-O-O 20. Qg4+ f5 21. Qh3 Rhg8 22. Bxe7 Qxf3 23. Qxf3 Bxf3 24. Rfc1+ Kd7 25. Bxd8 Rxg2+ 26. Kf1 Rxh2 27. Ke1 Kxd8 28. b4 e4 29. Ra3 Rh1+ 30. Kd2 Rxc1 31. Kxc1 h5 32. Kd2 h4 33. Rxf3 exf3 34. Ke3 Kd7 35. Kxf3 Ke6 36. Kg2 Kd5 37. Kh3 Kc4 38. b5 Kb4 39. Kxh4 Kxa4 40. Kg5 Kxb5 41. Kxf5 a5 42. Ke4 a4 43. Kd4 Kc6 44. f4 Kd6 45. Kc4 b5+ 0-1

[Event "Werfen Open"]
[Site "Werfen"]
[Date "1995.??.??"]
[Round "4"]
[White "Klovans, Janis"]
[Black "Hertneck, Gerald"]
[Result "1-0"]
[WhiteElo "2500"]
[BlackElo "2595"]
[PlyCount "71"]
[EventDate "1995.09.??"]
[Source "www.chesslib.no"]
[SourceDate "2004.05.04"]

1. e4 e6 2. d4 d5 3. Nc3 Bb4 4. e5 c5 5. a3 Bxc3+ 6. bxc3 Ne7 7. Nf3 h6 8. h4 b6 9. Bb5+ Bd7 10. Bd3 Ba4 11. Be3 Nd7 12. h5 Qc7 13. O-O O-O-O 14. Qd2 Kb7 15. dxc5 bxc5 16. Bf4 Ka8 17. Bg3 c4 18. Be2 Nc5 19. Nd4 Ne4 20. Qe3 Nf5 21. Nxf5 exf5 22. Bh4 Rde8 23. f3 Rxe5 24. fxe4 Rxe4 25. Qf2 Qb6 26. Bf3 Bxc2 27. Bxe4 Bxe4 28. Qxb6 axb6 29. Bf2 g6 30. Bxb6 gxh5 31. Rf2 Rg8 32. Bd4 Rg4 33. Be5 f6 34. Bxf6 f4 35. Kh2 Kb7 36. a4 1-0

[Event "Santa Clara"]
[Site "Santa Clara"]
[Date "1991.??.??"]
[Round "4"]
[White "Hernandez, Gilberto"]
[Black "Ulibin, Mikhail"]
[Result "1/2-1/2"]
[WhiteElo "2525"]
[BlackElo "2565"]
[PlyCount "95"]
[EventDate "1991.02.??"]
[Source "ChessBase"]

1. e4 e6 2. d4 d5 3. Nc3 Bb4 4. e5 c5 5. a3 Bxc3+ 6. bxc3 Ne7 7. Nf3 Bd7 8. a4 Qa5 9. Bd2 Nbc6 10. Bb5 f6 11. Qe2 O-O-O 12. O-O c4 13. Rfb1 Rde8 14. Bxc6 Nxc6 15. Qe3 Ne7 16. Bc1 Nf5 17. Qd2 h5 18. Ba3 Bxa4 19. Bb4 Qa6 20. Bc5 b5 21. Qc1 Kd7 22. Rb4 Rc8 23. h3 Ke8 24. exf6 gxf6 25. Qf4 h4 26. g4 hxg3 27. fxg3 Rg8 28. g4 Ne7 29. Raxa4 bxa4 30. Qxf6 Rxc5 31. dxc5 Qc8 32. Nd4 Rg6 33. Qe5 Qxc5 34. Kg2 Kf7 35. Rxa4 a5 36. Ra1 Qb6 37. g5 Nf5 38. h4 Nxh4+ 39. Kh3 Nf5 40. Nxf5 exf5 41. Qxf5+ Kg8 42. Re1 Qd6 43. Kg4 Kg7 44. Re8 a4 45. Ra8 Re6 46. Rxa4 Re4+ 47. Kf3 Re7 48. Qf6+ 1/2-1/2

[Event "Szirak"]
[Site "Szirak"]
[Date "1986.??.??"]
[Round "?"]
[White "Rogers, Ian"]
[Black "Nogueiras, Jesus"]
[Result "1/2-1/2"]
[WhiteElo "2515"]
[BlackElo "2570"]
[PlyCount "99"]
[EventDate "1986.09.??"]
[Source "ChessBase"]

1. e4 e6 2. d4 d5 3. Nc3 Bb4 4. e5 c5 5. a3 Bxc3+ 6. bxc3 Ne7 7. Nf3 Qa5 8. Bd2 Nbc6 9. a4 Bd7 10. Bb5 Qc7 11. O-O O-O 12. Re1 b6 13. Bd3 h6 14. Qc1 c4 15. Bf1 f6 16. g3 Ng6 17. Bg2 f5 18. Bxh6 gxh6 19. Qxh6 Be8 20. Ng5 Qd7 21. h4 Nd8 22. h5 Nh8 23. f4 Rc8 24. Bf3 Rc7 25. Kf2 Qg7 26. Qxg7+ Rxg7 27. Nxe6 Nxe6 28. Bxd5 Bf7 29. Bxc4 Rc8 30. Bd3 Rxc3 31. h6 Rg6 32. d5 Nc5 33. e6 Rxd3 34. h7+ Kxh7 35. Rh1+ Kg7 36. cxd3 Bxe6 37. dxe6 Rxe6 38. Rh5 Nxd3+ 39. Kf3 Ne1+ 40. Kf2 Nd3+ 41. Kf3 Rf6 42. a5 Nf7 43. axb6 axb6 44. Rd1 Nc5 45. g4 fxg4+ 46. Kxg4 Nh6+ 47. Kf3 Ne6 48. Rd6 Rxf4+ 49. Kg3 Rg4+ 50. Kf2 1/2-1/2

[Event "Malmo"]
[Site "Malmo"]
[Date "1995.??.??"]
[Round "2"]
[White "Hjartarson, Johann"]
[Black "Djurhuus, Rune"]
[Result "1/2-1/2"]
[WhiteElo "2590"]
[BlackElo "2495"]
[PlyCount "110"]
[EventDate "1995.05.??"]
[Source "ChessBase"]

1. e4 e6 2. d4 d5 3. Nc3 Bb4 4. e5 c5 5. a3 Bxc3+ 6. bxc3 Ne7 7. Nf3 Bd7 8. h4 Ba4 9. h5 h6 10. dxc5 Qa5 11. Rh4 Nd7 12. Bd2 Bc6 13. Rg4 g5 14. hxg6 Nxg6 15. Nd4 Ndxe5 16. Rg3 Qxc5 17. Qh5 O-O-O 18. Rb1 Nc4 19. Bxc4 Qxc4 20. Qf3 Rd7 21. Qf6 Re8 22. Rb4 Qc5 23. Bxh6 e5 24. Nxc6 Qxc6 25. Qxc6+ bxc6 26. Be3 Nf4 27. Kf1 Ne6 28. Rf3 e4 29. Rf5 c5 30. Rb5 Kc7 31. Rf6 a6 32. Ra5 d4 33. cxd4 cxd4 34. Bd2 Rc8 35. c3 d3 36. f3 e3 37. Bxe3 d2 38. Bxd2 Rxd2 39. Rxf7+ Kb6 40. Re5 Nc5 41. g4 Rh8 42. Kg1 Nd7 43. Re6+ Kc7 44. Rf4 Rhh2 45. Rc4+ Kd8 46. Rd4 Rdg2+ 47. Kf1 Ra2 48. Kg1 Rhg2+ 49. Kh1 Rh2+ 50. Kg1 Rhb2 51. Rd1 Rxa3 52. g5 Raa2 53. Red6 Rg2+ 54. Kf1 Rgf2+ 55. Kg1 Rg2+ 1/2-1/2

[Event "It Open"]
[Site "New York, NY USA"]
[Date "1989.??.??"]
[Round "?"]
[White "Dolmatov, Sergey V"]
[Black "Henley, Ron W"]
[Result "1-0"]
[WhiteElo "2580"]
[BlackElo "2505"]
[PlyCount "71"]
[EventDate "1989.??.??"]
[Source "www.chesslib.no"]
[SourceDate "2004.05.04"]

1. e4 e6 2. d4 d5 3. Nc3 Bb4 4. e5 c5 5. a3 Bxc3+ 6. bxc3 Ne7 7. Nf3 Nbc6 8. Be2 Qa5 9. Bd2 cxd4 10. cxd4 Qa4 11. Rb1 Nxd4 12. Bd3 Ndc6 13. O-O Qxa3 14. Rb3 Qc5 15. Bc1 Na5 16. Ba3 Qc7 17. Bd6 Qd8 18. Rb4 f5 19. c4 Nac6 20. Rb2 O-O 21. cxd5 exd5 22. Bb1 b6 23. Ba2 Be6 24. Ng5 Qd7 25. Rd2 Kh8 26. Nxe6 Qxe6 27. Bxd5 Nxd5 28. Bxf8 Nc3 29. Rd6 Qxe5 30. Qf3 Rxf8 31. Qxc6 Ne4 32. Re6 Qc5 33. Re8 Qa3 34. Qc8 Kg8 35. Qe6+ Kh8 36. Qf7 1-0

[Event "Jugoslavija"]
[Site "?"]
[Date "1999.??.??"]
[Round "?"]
[White "Zontakh, A."]
[Black "Ivanov, Se"]
[Result "1/2-1/2"]
[WhiteElo "2535"]
[BlackElo "2535"]
[PlyCount "80"]
[EventDate "1999.??.??"]
[Source "Chess Informant"]
[SourceDate "1999.06.01"]

1. e4 e6 2. d4 d5 3. Nc3 Bb4 4. e5 c5 5. a3 Bxc3+ 6. bxc3 Ne7 7. Nf3 b6 8. Bb5+ Bd7 9. Bd3 h6 10. a4 Nbc6 11. O-O Qc7 12. Re1 O-O 13. Bf4 Ng6 14. Be3 cxd4 15. Bxd4 Rac8 16. Re3 Nxd4 17. cxd4 Nf4 18. Ba6 Qxc2 19. Bxc8 Rxc8 20. Qf1 Qf5 21. Ra2 Rc4 22. a5 bxa5 23. Rxa5 Qg4 24. Kh1 Rc1 25. Re1 Rxe1 26. Nxe1 Qd1 27. h3 Nd3 28. Rxa7 Bb5 29. Kh2 Bc4 30. f3 Nxe1 31. Qf2 Nc2 32. Qh4 Qxd4 33. Qd8+ Kh7 34. Rxf7 Qxe5+ 35. f4 Qe4 36. Rxg7+ Kxg7 37. Qe7+ Kg8 38. Qe8+ Kg7 39. Qe7+ Kg6 40. Qe8+ Kg7 1/2-1/2

[Event "Open"]
[Site "Liverpool ENG"]
[Date "2007.09.09"]
[Round "9"]
[White "Vovk, Y."]
[Black "Dgebuadze, A."]
[Result "1/2-1/2"]
[WhiteElo "2557"]
[BlackElo "2508"]
[PlyCount "89"]
[EventDate "2007.09.04"]
[Source "www.chesslib.no"]
[SourceDate "2004.05.04"]

1. e4 e6 2. d4 d5 3. Nc3 Bb4 4. e5 c5 5. a3 Bxc3+ 6. bxc3 Ne7 7. Nf3 Qa5 8. Bd2 Qc7 9. a4 Bd7 10. Bd3 Nbc6 11. O-O c4 12. Be2 f6 13. Re1 fxe5 14. Nxe5 Nxe5 15. dxe5 O-O 16. Bg4 Nc6 17. Qe2 Qc8 18. h4 Rb8 19. h5 h6 20. Bh3 Qd8 21. f4 Qh4 22. Kh2 b5 23. g3 Qe7 24. axb5 Rxb5 25. Bc1 Re8 26. Ba3 Qd8 27. g4 Qh4 28. Qe3 a5 29. Re2 Reb8 30. Bd6 d4 31. Qg1 d3 32. Rd2 R8b7 33. cxd3 Rb2 34. Qg2 Nd4 35. Rxb2 Rxb2 36. Qxb2 Nf3+ 37. Kg2 Bc6 38. Qb6 Nxe5+ 39. Qxc6 Nxc6 40. g5 Qxh5 41. Bxe6+ Kh8 42. Bxc4 Qe2+ 43. Kg3 h5 44. Ra2 Qe1+ 45. Kg2 1/2-1/2

[Event "Vienna op"]
[Site "Vienna"]
[Date "1996.??.??"]
[Round "5"]
[White "Tischbierek, Raj"]
[Black "Hertneck, Gerald"]
[Result "0-1"]
[WhiteElo "2500"]
[BlackElo "2565"]
[PlyCount "64"]
[EventDate "1996.08.??"]
[Source "ChessBase"]

1. e4 e6 2. d4 d5 3. Nc3 Bb4 4. e5 c5 5. a3 Bxc3+ 6. bxc3 Ne7 7. Nf3 Qc7 8. h4 b6 9. h5 h6 10. Bb5+ Bd7 11. Bd3 Ba4 12. O-O Nd7 13. g3 O-O-O 14. Rb1 Kb7 15. Be3 Rc8 16. dxc5 Nxc5 17. Rb4 Bd7 18. Qb1 Ka8 19. Rf4 Rhf8 20. Bd4 Nxd3 21. cxd3 Nc6 22. Rg4 g5 23. hxg6 fxg6 24. Kg2 g5 25. Rh1 Nxd4 26. cxd4 Be8 27. Rxh6 Bh5 28. Nh2 Bxg4 29. Nxg4 Rh8 30. Rf6 Qh7 31. Rh6 Qf5 32. Ne3 Qf7 0-1

[Event "7th Amplico AIG Life"]
[Site "Warsaw POL"]
[Date "2007.12.16"]
[Round "13"]
[White "Zawadzki, S."]
[Black "Socko, B."]
[Result "1/2-1/2"]
[WhiteElo "2415"]
[BlackElo "2646"]
[PlyCount "123"]
[EventDate "2007.12.15"]
[Source "www.chesslib.no"]
[SourceDate "2004.05.04"]

1. e4 e6 2. d4 d5 3. Nc3 Bb4 4. e5 c5 5. a3 Bxc3+ 6. bxc3 Ne7 7. Nf3 b6 8. Bb5+ Bd7 9. Bd3 Ba4 10. Bf4 Qc7 11. Qd2 Nbc6 12. h4 Na5 13. h5 h6 14. O-O O-O-O 15. Nh2 Kb7 16. Ng4 Rc8 17. Rfc1 cxd4 18. cxd4 Qc3 19. Qxc3 Rxc3 20. Bd2 Rxd3 21. cxd3 Nb3 22. Bb4 Nc6 23. Bc3 Rc8 24. Bb2 Nxa1 25. Bxa1 Bb5 26. Rd1 Na5 27. Ne3 Ba4 28. Rb1 Bc2 29. Rc1 Nb3 30. Rxc2 Nxa1 31. Rxc8 Kxc8 32. f4 Nb3 33. f5 Nxd4 34. f6 gxf6 35. Ng4 f5 36. Nxh6 Ne2+ 37. Kf2 Nf4 38. Nxf7 Nxh5 39. Ke3 Kd7 40. Ng5 b5 41. Nf3 a5 42. Nd4 b4 43. a4 f4+ 44. Kf3 Ng3 45. Nb3 Nf5 46. Kxf4 Nh4 47. Kg3 Ng6 48. d4 Ne7 49. Kf4 Nc8 50. Nxa5 Nb6 51. Nb3 Nxa4 52. g4 Ke7 53. Kg5 Nc3 54. Kg6 Ne2 55. Kg7 Ng3 56. Na5 Kd7 57. Kf7 Ne4 58. Nb3 Ng5+ 59. Kf6 Ne4+ 60. Kf7 Ng5+ 61. Kf6 Ne4+ 62. Kf7 1/2-1/2